Enciclopedia visual Salvat : hombre y técnica /

Αποθηκεύτηκε σε:
Λεπτομέρειες βιβλιογραφικής εγγραφής
Κύριος συγγραφέας: Salvat, Juan (dirección)
Άλλοι συγγραφείς: Bech, Josep María (colaboración) (colaboración)
Μορφή: Βιβλίο
Γλώσσα:Ισπανικά
Έκδοση: Barcelona, España : Salvat, 1978, c1978
Θέματα:
Ετικέτες: Προσθήκη ετικέτας
Δεν υπάρχουν, Καταχωρήστε ετικέτα πρώτοι!

MARC

LEADER 00000nam^a2200000^a^4500
001 000318471
005 20250521000000.0
008 120214 19781978
009 20260310113413.895
020 |a 84-345-3940-3 
020 |a 84-345-3948-9 
025 |a Donación Martín del Campo Chávez, 1 ejemplar 
037 |a Acervo ITESO - Biblioteca 
041 |a ESP 
082 |a 036. 1  |b VIS V. 1 
100 |a Salvat, Juan  |e (dirección) 
240 1 1 |a [Enciclopedia visual Salvat] 
245 1 0 |a Enciclopedia visual Salvat :  |b hombre y técnica /  |c Dir. de J. Salvat ; colaboración de J.M. Bech... [et al.]. 
264 4 |a Barcelona, España :  |b Salvat,  |c 1978, c1978 
300 |a 247 p. 
336 |a texto  |b txt  |2 rdacontenido 
337 |a sin mediación  |b n  |2 rdamedio 
338 |a volumen  |b nc  |2 rdasoporte 
649 |a XX 
650 |a Desarrollo Tecnológico -  |x Tema Principal 
650 |a Desarrollo Tecnológico -  |x Historia 
650 |a Desarrollo Tecnológico -  |x Enciclopedias y Diccionarios 
650 |a Recursos Energéticos 
650 |a Materiales 
650 |a Maquinaria 
650 |a Sistema de Transporte 
650 |a Química Industrial 
650 |a Tecnología y Sociedad -  |x Tema Principal 
650 |a Enciclopedias y Diccionarios -  |x Tema Principal 
700 |a Bech, Josep María  |e (colaboración) 
910 |a Fondo General 
920 |a Impresos - Libros 
930 |a Obras de Referencia 
905 |a 102 
901 |a 0500205781  |b IT2  |c REF  |i D  |u 20250521 
902 |a https://opac.biblio.iteso.mx/vufind/Record/000318471